Представление документа в формате MARC21

Поле Инд. ПП Название Значение
Тип записи a
Библиографический уровень b
001 Контрольный номер RU/IS/BASE/287498036
005 Дата корректировки 20200522191306.4
008 Кодируемые данные 20090209
040 b Код языка каталог. rus
e Правила каталог. PSBO
041 0_ a Код языка текста rus
084 a Индекс другой классификации/Индекс ББК 65.291.2
100 1_ a Автор Скоробогатова Т.
245 10 a Заглавие Инновационно-логистическое управление рекреационным предприятием
504 a Библиография Лит. в конце статьи
650 a Основная рубрика логистика
a Основная рубрика менеджмент (управление предприятием)
a Основная рубрика экономика
a Основная рубрика экономика предприятия
653 1_ a Ключевые слова аутсорсинг
a Ключевые слова инновационная логистика
a Ключевые слова логистическое управление
a Ключевые слова менеджмент
a Ключевые слова реинжиниринг
a Ключевые слова сервисная логистика
a Ключевые слова сервисные предприятия
a Ключевые слова стейкхолдеры (группы влияния)
773 0_ t Заглавие источника РИСК: ресурсы, информация, снабжение, конкуренция
d Дата издания источника 2008
g Прочая информация № 4. - С. 8 - 11
w Контрольный № источника RU/IS/BASE/286471778
901 t Тип документа b